000 00297nam a22001337a 4500
008 170414b xxu||||| |||| 00| 0 eng d
020 _a9780781794855
041 _aeng
080 _210 ED
_a618
100 _a10
101 _aSHM
245 _aNEDICAL EMBRYOLOGY
_cSADLER.T.W
942 _2udc
_cBK
999 _c10767
_d10767